Sports Quiz

Random Sports or Football Quiz

NFL Top 5 Rushers Quiz Stats

 Plays Quiz Updated Jan 6, 2021

Support Sporcle.
Go Orange.
Score 0/255 Timer 13:00
15 Plays Today
Year Name % Correct
2020Derrick Henry
93.5%
2009Chris Johnson
91.6%
2006Larry Johnson
90.7%
2005Larry Johnson
90.7%
1972Ron A. Johnson
90.2%
1970Ron A. Johnson
90.2%
2009Adrian Peterson
90%
2008Adrian Peterson
90%
2007Adrian Peterson
90%
2012Adrian Peterson
89.1%
1999Emmitt Smith
88.9%
1998Emmitt Smith
88.9%
1995Emmitt Smith
88.9%
1994Emmitt Smith
88.9%
1993Emmitt Smith
88.9%
1992Emmitt Smith
88.9%
1991Emmitt Smith
88.9%
2000Robert Smith
88.1%
2013Adrian Peterson
88.1%
2019Derrick Henry
87.6%
2015Adrian Peterson
86.2%
2020Aaron Jones
84.7%
2007Ladainian Tomlinson
83.2%
2006Ladainian Tomlinson
83.2%
2002Ladainian Tomlinson
83.2%
2003Ladainian Tomlinson
83.2%
1998Barry Sanders
82.1%
1997Barry Sanders
82.1%
1996Barry Sanders
82.1%
1995Barry Sanders
82.1%
1994Barry Sanders
82.1%
1993Barry Sanders
82.1%
1992Barry Sanders
82.1%
1991Barry Sanders
82.1%
1990Barry Sanders
82.1%
1989Barry Sanders
82.1%
2009Thomas Jones
81.3%
2008Thomas Jones
81.3%
2018Ezekiel Elliott
81.2%
2019Ezekiel Elliott
81.1%
2016Ezekiel Elliott
80%
2009Steven Jackson
76.8%
2006Steven Jackson
76.8%
2002Ricky Williams
76.4%
2008DeAngelo Williams
76.2%
2014Le'Veon Bell
76.1%
1978Delvin Williams
75.9%
1976Delvin Williams
75.9%
2016Le'Veon Bell
75.9%
2020Dalvin Cook
75.3%
2017Le'Veon Bell
75.2%
2017Todd Gurley
73%
1972Larry Brown
72.7%
1970Larry Brown
72.7%
1986Walter Payton
72.6%
1985Walter Payton
72.6%
1984Walter Payton
72.6%
1983Walter Payton
72.6%
1980Walter Payton
72.6%
1979Walter Payton
72.6%
1978Walter Payton
72.6%
1977Walter Payton
72.6%
1976Walter Payton
72.6%
2018Todd Gurley
72.6%
2012Marshawn Lynch
70.9%
2013LeSean McCoy
70.7%
2014Marshawn Lynch
70.2%
2020Jonathan Taylor
70.1%
2001Marshall Faulk
70%
1999Marshall Faulk
70%
1994Marshall Faulk
70%
2007Jamal Lewis
69.5%
2003Jamal Lewis
69.5%
2012Doug Martin
69.5%
2005Shaun Alexander
69.4%
2004Shaun Alexander
69.4%
2014LeSean McCoy
69.2%
1998Terrell Davis
69.1%
1997Terrell Davis
69.1%
1996Terrell Davis
69.1%
2005Edgerrin James
69%
2004Edgerrin James
69%
2000Edgerrin James
69%
1999Edgerrin James
69%
2001Stephen Davis
68.7%
Year Name % Correct
1999Stephen Davis
68.7%
2019Christian McCaffrey
68.7%
2014DeMarco Murray
68.7%
2011LeSean McCoy
67.9%
2018Saquon Barkley
67.5%
2019Nick Chubb
67.3%
2015Todd Gurley
67%
2020David Montgomery & James Robinson
66.4%
2006Tiki Barber
65.8%
2005Tiki Barber
65.8%
2004Tiki Barber
65.8%
1997Jerome Bettis
65.6%
1996Jerome Bettis
65.6%
1993Jerome Bettis
65.6%
2017LeSean McCoy
65.6%
2015Doug Martin
65.4%
1981Ottis Anderson & Earl Campbell
64.9%
2006Frank Gore
64.7%
2016DeMarco Murray
64.6%
2011Arian Foster
64.6%
2004Curtis Martin
64.5%
2001Curtis Martin
64.5%
1999Curtis Martin
64.5%
1995Curtis Martin
64.5%
2002Priest Holmes
63.9%
2001Priest Holmes
63.9%
2009Maurice Jones-Drew
63%
2017Kareem Hunt
63%
1989Eric Dickerson
63%
1988Eric Dickerson
63%
1987Eric Dickerson
63%
1986Eric Dickerson
63%
1984Eric Dickerson
63%
1983Eric Dickerson
63%
2012Jamaal Charles
62.4%
2003Ahman Green
62.4%
2001Ahman Green
62.4%
2013Jamaal Charles
61.7%
1993Thurman Thomas
61.6%
1992Thurman Thomas
61.6%
1991Thurman Thomas
61.6%
1990Thurman Thomas
61.6%
2011Maurice Jones-Drew
60.7%
1976O.J. Simpson
60.6%
1975O.J. Simpson
60.6%
1974O.J. Simpson
60.6%
1973O.J. Simpson
60.6%
1972O.J. Simpson
60.6%
2008Clinton Portis
59.9%
2005Clinton Portis
59.9%
2003Clinton Portis
59.9%
2002Clinton Portis
59.9%
1998Jamal Anderson
58.1%
1980Ottis Anderson
58%
1979Ottis Anderson
58%
2000Mike Anderson
58%
1989Neal Anderson
57.9%
2011Ray Rice
57.6%
2008Michael Turner
56.4%
2012Alfred Morris
56.1%
2017Mark Ingram
55.9%
2013Matt Forte
55.7%
2013Alfred Morris
54.1%
1985Marcus Allen
53.2%
1982Marcus Allen
53.2%
1995Terry Allen
52.9%
2007Brian Westbrook
52.3%
2004Corey Dillon
51.2%
2000Corey Dillon
51.2%
2011Michael Turner
51.2%
1977Franco Harris
51.2%
1975Franco Harris
51.2%
1974Franco Harris
51.2%
2019Chris Carson
49.7%
2007Willie Parker
49.6%
1980Earl Campbell
49.1%
1979Earl Campbell
49.1%
1978Earl Campbell
49.1%
2000Eddie George
48.6%
1997Eddie George
48.6%
1996Eddie George
48.6%
2010Chris Johnson
47.8%
1992Barry Foster
46.5%
1988Greg Bell
44.9%
2018Chris Carson
44%
Year Name % Correct
2018Joe Mixon
43.1%
1983John Riggins
42.9%
1982Tony Dorsett
42.2%
1981Tony Dorsett
42.2%
1978Tony Dorsett
42.2%
1986Joe Morris
42%
1985Joe Morris
42%
1987Charles White
41.9%
1992Lorenzo White
41.9%
2016Jordan Howard
41.9%
2015Darren McFadden
39.5%
1973Larry Csonka
38.8%
1972Larry Csonka
38.8%
1971Larry Csonka
38.8%
1970Larry Csonka
38.8%
2003Deuce McAllister
37.8%
2016Jay Ajayi
36.7%
1996Ricky Watters
36%
2010Arian Foster
35.8%
1988Roger Craig
35.4%
1988Herschel Walker
33.9%
2010Jamaal Charles
33.9%
2010Maurice Jones-Drew
33.4%
2002Travis Henry
33.2%
1973Calvin Hill
31.5%
1989Christian Okoye
30.5%
1998Garrison Hearst
29.8%
2015Chris Ivory
28.9%
2014Justin Forsett
28.8%
2010Michael Turner
28.5%
1997Dorsey Levens
24.6%
1987Curt Warner
23.5%
1986Curt Warner
23.5%
1983Curt Warner
23.5%
1991Earnest Byner
23.1%
1990Earnest Byner
23.1%
1985Gerald Riggs
22.1%
1984Gerald Riggs
22.1%
1982Billy Sims
21.9%
1981Billy Sims
21.9%
1980Billy Sims
21.9%
1974Don Woods
21.6%
1994Natrone Means
21.3%
1981George Rogers
19.2%
1981Wilbert Montgomery
18.8%
1979Wilbert Montgomery
18.8%
1978Wilbert Montgomery
18.8%
1995Chris Warren
18.3%
1994Chris Warren
18.3%
1985Freeman McNeil
17.5%
1982Freeman McNeil
17.5%
1991Rodney Hampton
16.9%
1975Chuck Foreman
15.6%
1971Floyd Little
15.5%
1970Floyd Little
15.5%
1990Marion Butts
15.4%
1977Lydell Mitchell
13.9%
1976Lydell Mitchell
13.9%
1975Lydell Mitchell
13.9%
1983William Andrews
13.6%
1980William Andrews
13.6%
1984James Wilder
13.3%
1984Wendell Tyler
12.9%
1977Lawrence McCutcheon
11.6%
1976Lawrence McCutcheon
11.6%
1974Lawrence McCutcheon
11.6%
1973Lawrence McCutcheon
11.6%
1989Dalton Hilliard
11.2%
1974Otis Armstrong
11.2%
1987Mike Rozier
10.9%
1977Mark van Eeghen
10.6%
1979Mike Pruitt
10.6%
1973John Brockington
10.3%
1971John Brockington
10.3%
1990Bobby Humphrey
10%
1987Rueben Mayes
9.9%
1986Rueben Mayes
9.9%
1971Steve Owens
9.7%
1988John Stephens
9.4%
1975Jim Otis
9%
1993Erric Pegram
9%
1970MacArthur Lane
8.9%
1982Andra Franklin
7.7%
1972Marv Hubbard
7.5%
1971Willie Ellison
6.8%

From the Vault

First 10 Countries with a McDonalds

by GeogTeacher

We wonder how this correlates with these countries' rate of heart disease and fear of clowns.
Remove Ads.
Support Sporcle.
Get the best of Sporcle when you Go Orange. This ad-free experience offers more features, more stats, and more fun while also helping to support Sporcle. Thank you for becoming a member.

Show Comments

Extras

Top Quizzes Today


Score Distribution

Your Account Isn't Verified!

In order to create a playlist on Sporcle, you need to verify the email address you used during registration. Go to your Sporcle Settings to finish the process.

Report this User

Report this user for behavior that violates our Community Guidelines.

Details: